<?xml version="1.0" encoding="UTF-8"?>
<record
    xmlns:xsi="http://www.w3.org/2001/XMLSchema-instance"
    xsi:schemaLocation="http://www.loc.gov/MARC21/slim http://www.loc.gov/standards/marcxml/schema/MARC21slim.xsd"
    xmlns="http://www.loc.gov/MARC21/slim">

  <leader>00965nam a22002177a 4500</leader>
  <datafield tag="999" ind1=" " ind2=" ">
    <subfield code="c">58258</subfield>
    <subfield code="d">58258</subfield>
  </datafield>
  <controlfield tag="003">Ge_BSU</controlfield>
  <controlfield tag="005">20211012111916.0</controlfield>
  <controlfield tag="008">211012s2021    ge ||||| |||| 00| 0 geo d</controlfield>
  <datafield tag="020" ind1=" " ind2=" ">
    <subfield code="a">9789941836466</subfield>
  </datafield>
  <datafield tag="041" ind1=" " ind2=" ">
    <subfield code="a">geo</subfield>
  </datafield>
  <datafield tag="080" ind1=" " ind2=" ">
    <subfield code="a">342.565.2 &#x10DA;-80</subfield>
  </datafield>
  <datafield tag="100" ind1=" " ind2=" ">
    <subfield code="a">&#x10DA;&#x10DD;&#x10DA;&#x10D0;&#x10EB;&#x10D4;, &#x10D1;&#x10D4;&#x10E1;&#x10D8;&#x10D9;</subfield>
    <subfield code="9">8130</subfield>
  </datafield>
  <datafield tag="245" ind1=" " ind2=" ">
    <subfield code="a">&#x10E1;&#x10D0;&#x10D9;&#x10DD;&#x10DC;&#x10E1;&#x10E2;&#x10D8;&#x10E2;&#x10E3;&#x10EA;&#x10D8;&#x10DD; &#x10DB;&#x10D0;&#x10E0;&#x10D7;&#x10DA;&#x10DB;&#x10E1;&#x10D0;&#x10EF;&#x10E3;&#x10DA;&#x10D4;&#x10D1;&#x10D0; /</subfield>
    <subfield code="c">&#x10D1;&#x10D4;&#x10E1;&#x10D8;&#x10D9; &#x10DA;&#x10DD;&#x10DA;&#x10D0;&#x10EB;&#x10D4;, &#x10D6;&#x10E3;&#x10E0;&#x10D0;&#x10D1; &#x10DB;&#x10D0;&#x10ED;&#x10D0;&#x10E0;&#x10D0;&#x10EB;&#x10D4; &#x10D3;&#x10D0; &#x10D0;&#x10DC;&#x10D0; &#x10E4;&#x10D8;&#x10E0;&#x10EA;&#x10EE;&#x10D0;&#x10DA;&#x10D0;&#x10E8;&#x10D5;&#x10D8;&#x10DA;&#x10D8;.</subfield>
  </datafield>
  <datafield tag="264" ind1=" " ind2=" ">
    <subfield code="a">&#x10D7;&#x10D1;&#x10D8;&#x10DA;&#x10D8;&#x10E1;&#x10D8; :</subfield>
    <subfield code="c">2021.</subfield>
  </datafield>
  <datafield tag="300" ind1=" " ind2=" ">
    <subfield code="a">500 &#x10D2;&#x10D5;.</subfield>
    <subfield code="b">24 &#x10E1;&#x10DB;.</subfield>
  </datafield>
  <datafield tag="653" ind1=" " ind2=" ">
    <subfield code="a">&#x10E1;&#x10D0;&#x10D9;&#x10DD;&#x10DC;&#x10E1;&#x10E2;&#x10D8;&#x10E2;&#x10E3;&#x10EA;&#x10D8;&#x10DD; &#x10DB;&#x10D0;&#x10E0;&#x10D7;&#x10DA;&#x10DB;&#x10E1;&#x10D0;&#x10EF;&#x10E3;&#x10DA;&#x10D4;&#x10D1;&#x10D0;</subfield>
  </datafield>
  <datafield tag="653" ind1=" " ind2=" ">
    <subfield code="a">&#x10E1;&#x10D0;&#x10DB;&#x10D0;&#x10E0;&#x10D7;&#x10D0;&#x10DA;&#x10D8;</subfield>
  </datafield>
  <datafield tag="700" ind1=" " ind2=" ">
    <subfield code="a">&#x10DB;&#x10D0;&#x10ED;&#x10D0;&#x10E0;&#x10D0;&#x10EB;&#x10D4;, &#x10D6;&#x10E3;&#x10E0;&#x10D0;&#x10D1;</subfield>
    <subfield code="e">&#x10D0;&#x10D5;&#x10E2;&#x10DD;&#x10E0;&#x10D8;</subfield>
    <subfield code="9">8184</subfield>
  </datafield>
  <datafield tag="700" ind1=" " ind2=" ">
    <subfield code="a">&#x10E4;&#x10D8;&#x10E0;&#x10EA;&#x10EE;&#x10D0;&#x10DA;&#x10D0;&#x10E8;&#x10D5;&#x10D8;&#x10DA;&#x10D8;, &#x10D0;&#x10DC;&#x10D0;</subfield>
    <subfield code="e">&#x10D0;&#x10D5;&#x10E2;&#x10DD;&#x10E0;&#x10D8;</subfield>
    <subfield code="9">8126</subfield>
  </datafield>
  <datafield tag="942" ind1=" " ind2=" ">
    <subfield code="2">udc</subfield>
    <subfield code="c">BK</subfield>
  </datafield>
  <datafield tag="952" ind1=" " ind2=" ">
    <subfield code="0">0</subfield>
    <subfield code="1">0</subfield>
    <subfield code="2">udc</subfield>
    <subfield code="4">0</subfield>
    <subfield code="6">3425652_&#x10DA;80</subfield>
    <subfield code="7">0</subfield>
    <subfield code="9">90932</subfield>
    <subfield code="a">CPL</subfield>
    <subfield code="b">CPL</subfield>
    <subfield code="c">GEN</subfield>
    <subfield code="d">2021-10-12</subfield>
    <subfield code="g">25.00</subfield>
    <subfield code="o">342.565.2 &#x10DA;-80</subfield>
    <subfield code="p">61822</subfield>
    <subfield code="r">2021-10-12</subfield>
    <subfield code="t">61822</subfield>
    <subfield code="w">2021-10-12</subfield>
    <subfield code="y">BK</subfield>
    <subfield code="z">25 &#x10DA;.</subfield>
  </datafield>
</record>
